<?xml version="1.0" encoding="UTF-8"?>
<record
    xmlns:xsi="http://www.w3.org/2001/XMLSchema-instance"
    xsi:schemaLocation="http://www.loc.gov/MARC21/slim http://www.loc.gov/standards/marcxml/schema/MARC21slim.xsd"
    xmlns="http://www.loc.gov/MARC21/slim">

  <leader>01600nam a22004337a 4500</leader>
  <controlfield tag="003">DO-SdBPM</controlfield>
  <controlfield tag="005">20260508135600.0</controlfield>
  <controlfield tag="007">ta</controlfield>
  <controlfield tag="008">210524e2020    dr a|||gr|||| 001 0 spa d</controlfield>
  <datafield tag="020" ind1=" " ind2=" ">
    <subfield code="a">9789945926279</subfield>
  </datafield>
  <datafield tag="040" ind1=" " ind2=" ">
    <subfield code="a">DO-SdBPM</subfield>
    <subfield code="b">spa</subfield>
    <subfield code="c">BPMSU </subfield>
    <subfield code="d">rda</subfield>
  </datafield>
  <datafield tag="041" ind1=" " ind2=" ">
    <subfield code="h">spa</subfield>
  </datafield>
  <datafield tag="082" ind1=" " ind2="4">
    <subfield code="a">362.1098</subfield>
    <subfield code="b">R234a 2020</subfield>
    <subfield code="2">22</subfield>
  </datafield>
  <datafield tag="100" ind1="1" ind2=" ">
    <subfield code="a">Rathe, Magdalena</subfield>
    <subfield code="e">autor </subfield>
  </datafield>
  <datafield tag="245" ind1="1" ind2="0">
    <subfield code="a">Atenci&#xF3;n primaria en salud en Latinoam&#xE9;rica y el Caribe :</subfield>
    <subfield code="b">experiencias exitosas y lecciones aprendidas / </subfield>
    <subfield code="c">Magdalena Rathe, Marc Gibert.</subfield>
  </datafield>
  <datafield tag="264" ind1=" " ind2=" ">
    <subfield code="a">Santo Domingo :</subfield>
    <subfield code="b">Observatorio de Seguridad Social ; </subfield>
    <subfield code="b">INTEC,</subfield>
    <subfield code="c">2020.</subfield>
  </datafield>
  <datafield tag="300" ind1=" " ind2=" ">
    <subfield code="a">246 p&#xE1;ginas  :</subfield>
    <subfield code="b">ilustraciones, gr&#xE1;ficos., tablas ;</subfield>
    <subfield code="c">23 cm.</subfield>
  </datafield>
  <datafield tag="336" ind1=" " ind2=" ">
    <subfield code="a">texto</subfield>
    <subfield code="b">txt</subfield>
    <subfield code="2">rdacontent</subfield>
  </datafield>
  <datafield tag="337" ind1=" " ind2=" ">
    <subfield code="a">sin mediaci&#xF3;n</subfield>
    <subfield code="b">n</subfield>
    <subfield code="2">rdamedia</subfield>
  </datafield>
  <datafield tag="338" ind1=" " ind2=" ">
    <subfield code="a">volumen</subfield>
    <subfield code="b">nc</subfield>
    <subfield code="2">rdacarrier</subfield>
  </datafield>
  <datafield tag="504" ind1=" " ind2=" ">
    <subfield code="a">Bibliograf&#xED;a : p&#xE1;ginas. 237 - 246</subfield>
  </datafield>
  <datafield tag="590" ind1=" " ind2=" ">
    <subfield code="a">Inventariado, 2025/VM</subfield>
  </datafield>
  <datafield tag="650" ind1=" " ind2="7">
    <subfield code="a">Atenci&#xF3;n primaria de salud</subfield>
    <subfield code="z">Am&#xE9;rica Latina</subfield>
  </datafield>
  <datafield tag="650" ind1=" " ind2="7">
    <subfield code="a">Atenci&#xF3;n primaria de salud</subfield>
    <subfield code="z">Caribe (Regi&#xF3;n).</subfield>
  </datafield>
  <datafield tag="650" ind1=" " ind2="7">
    <subfield code="a">Seguridad social</subfield>
    <subfield code="z">Rep&#xFA;blica Dominicana.</subfield>
  </datafield>
  <datafield tag="650" ind1=" " ind2="7">
    <subfield code="a">Seguridad social </subfield>
    <subfield code="z">Caribe (Regi&#xF3;n)</subfield>
  </datafield>
  <datafield tag="650" ind1="1" ind2="4">
    <subfield code="a">Servicios de salud</subfield>
    <subfield code="z">Rep&#xFA;blica Dominicana.</subfield>
  </datafield>
  <datafield tag="650" ind1="z" ind2=" ">
    <subfield code="a">Primary health care</subfield>
  </datafield>
  <datafield tag="650" ind1="z" ind2=" ">
    <subfield code="a">Atenci&#xF3;n primaria en salud</subfield>
  </datafield>
  <datafield tag="650" ind1="z" ind2=" ">
    <subfield code="a">Primary health care</subfield>
  </datafield>
  <datafield tag="650" ind1="z" ind2=" ">
    <subfield code="a">Atenci&#xF3;n primaria en salud</subfield>
  </datafield>
  <datafield tag="650" ind1="z" ind2=" ">
    <subfield code="a"> Social security</subfield>
  </datafield>
  <datafield tag="650" ind1="z" ind2=" ">
    <subfield code="a">Insurance, Social</subfield>
  </datafield>
  <datafield tag="650" ind1="z" ind2=" ">
    <subfield code="a">Seguros sociales</subfield>
  </datafield>
  <datafield tag="700" ind1="1" ind2=" ">
    <subfield code="a">Gibert, Marc </subfield>
    <subfield code="e">autor </subfield>
  </datafield>
  <datafield tag="710" ind1="2" ind2=" ">
    <subfield code="a">Instituto Tecnol&#xF3;gico de Santo Domingo</subfield>
  </datafield>
  <datafield tag="910" ind1=" " ind2=" ">
    <subfield code="a">VMateo V. Control de calidad BPMSU </subfield>
  </datafield>
  <datafield tag="942" ind1=" " ind2=" ">
    <subfield code="2">ddc</subfield>
    <subfield code="c">BK</subfield>
  </datafield>
  <datafield tag="952" ind1=" " ind2=" ">
    <subfield code="0">0</subfield>
    <subfield code="1">0</subfield>
    <subfield code="2">ddc</subfield>
    <subfield code="7">0</subfield>
    <subfield code="8">CD</subfield>
    <subfield code="a">BPMET</subfield>
    <subfield code="b">BPMET</subfield>
    <subfield code="d">2025-09-15</subfield>
    <subfield code="e">Pellerano y Herrera</subfield>
    <subfield code="l">0</subfield>
    <subfield code="o">BPMSU CD 362.1098 R234a 2020</subfield>
    <subfield code="p">BPMSU25090065</subfield>
    <subfield code="r">2025-09-15</subfield>
    <subfield code="w">2025-09-15</subfield>
    <subfield code="y">BK</subfield>
  </datafield>
  <datafield tag="952" ind1=" " ind2=" ">
    <subfield code="0">0</subfield>
    <subfield code="1">0</subfield>
    <subfield code="2">ddc</subfield>
    <subfield code="7">0</subfield>
    <subfield code="8">CD</subfield>
    <subfield code="a">BPMET</subfield>
    <subfield code="b">BPMET</subfield>
    <subfield code="d">2025-09-15</subfield>
    <subfield code="e">Pellerano y Herrera</subfield>
    <subfield code="l">0</subfield>
    <subfield code="o">BPMSU CD 362.1098 R234a 2020</subfield>
    <subfield code="p">BPMSU26050046</subfield>
    <subfield code="r">2026-05-08</subfield>
    <subfield code="t">e.2</subfield>
    <subfield code="w">2025-09-15</subfield>
    <subfield code="y">BK</subfield>
  </datafield>
  <datafield tag="952" ind1=" " ind2=" ">
    <subfield code="0">0</subfield>
    <subfield code="1">0</subfield>
    <subfield code="2">ddc</subfield>
    <subfield code="7">0</subfield>
    <subfield code="8">CD</subfield>
    <subfield code="a">BPMET</subfield>
    <subfield code="b">BPMET</subfield>
    <subfield code="d">2025-09-15</subfield>
    <subfield code="e">Pellerano y Herrera</subfield>
    <subfield code="l">0</subfield>
    <subfield code="o">BPMSU CD 362.1098 R234a 2020</subfield>
    <subfield code="p">BPMSU26050047</subfield>
    <subfield code="r">2026-05-08</subfield>
    <subfield code="t">e.3</subfield>
    <subfield code="w">2025-09-15</subfield>
    <subfield code="y">BK</subfield>
  </datafield>
  <datafield tag="999" ind1=" " ind2=" ">
    <subfield code="c">15396</subfield>
    <subfield code="d">15396</subfield>
  </datafield>
</record>
